000 00405nam a22001337a 4500
003 SGT
020 _a97893219294
082 _a920
_bH20S
100 _aसबरहदी, शकील अहमद
245 _a हरिचंद अख्तर: एक विस्तृत मेधा
260 _bग्रीन पेजेज प्रकाशन
_c2020
300 _a244
942 _2ddc
_cBK
999 _c32018
_d32018